Statistiken für Top 15 Länder mit Covid-19-Todesfällen - 18. August 2021

Klicken Sie hier um das Quiz zu spielen!

Allgemein

  • Dieses Quiz wurde 12 mal gespielt
  • Das Durchschnittsergebnis liegt bei 13 aus 25

Antwortstatistiken

Land% Korrekt
Deutschland
100%
Frankreich
100%
Italien
100%
Russland
100%
Spanien
100%
Vereinigte Staaten
100%
Indien
82%
Vereinigtes Königreich
82%
Brasilien
64%
Mexiko
55%
Argentinien
45%
Belgien
45%
Indonesien
45%
Tschechien
45%
Iran
36%
Peru
36%
Ungarn
36%
Bosnien und Herzegowina
27%
Bulgarien
27%
Kroatien
27%
Kolumbien
18%
Nordmazedonien
18%
Paraguay
18%
Slowakei
18%
Slowenien
18%

Verteilung der Resultate

Perzentil nach korrekt beantworteten Fragen

Anzahl Personen mit jedem Resultat

Ihre Resultats-Entwicklung

Sie haben dieses Quiz noch nicht gespielt